01014cam a2200217Ia 4500040001000000082002600010245002100036250001100057260005500068300003200123500010000155500004000255500003700295520033500332650002700667650002900694650001800723650001900741650002500760710001100785 cBTCTA a362 UNI 2010 C163 Or.00aFacts for life / a4th ed aNew York :bUnited Nations Children's Fund,cc2010 axvii, 194 p. :bill.c28 cm a"Produced by UNICEF, WHO, UNESCO, UNFPA, UNDP, UNAIDS, WFP and the World Bank"--P. [2] of cover a"Sales No.: E.09.XX.24"--T.p. verso a"January 2010."--P. [4] of cover a"Facts for Life consists of 14 chapters filled with practical information about how to ensure children's rights to survival, growth, development and well-being. The topics address pregnancy, childbirth, major childhood illnesses, child development, early learning, parenting, protection, and care and support of children."--P. vii 0aInfant health services 0aMaternal health services 0aPublic health 0aHuman services 0aMedicine, Preventive2 aUNICEF